Saved in:
| Other Authors: | |
|---|---|
| Format: | Electronic |
| Language: | Polish |
| Published: |
"Siedmior©đg",
1990
|
| Edition: | [Wyd. 16 i. e. 18]. |
| Tags: |
No Tags, Be the first to tag this record!
|
MARC
| LEADER | 00000am|aa2200000i||4500 | ||
|---|---|---|---|
| 001 | 991002453079705066 | ||
| 005 | 20260515140227.0 | ||
| 008 | 260426t pl ||||| |||| 00| u pol d | ||
| 020 | |a 8385193014 | ||
| 035 | |a 991002453079705066 | ||
| 035 | |a (PL-WaBN)b10674937-48omnis_nlop | ||
| 035 | |a b10674937 | ||
| 035 | |a (OCoLC)749714359 | ||
| 035 | |a (PL)b0000001067493 | ||
| 035 | |a (EXLNZ-48OMNIS_NETWORK)9910308747905606 | ||
| 040 | |a WA N |c WA N |d ZDU_1 | ||
| 080 | |a 884-93 | ||
| 090 | |c 81 |d 80 | ||
| 245 | 1 | 0 | |c Jerzy Broszkiewicz ; [il. Maciej Konikiewicz]. |
| 250 | |a [Wyd. 16 i. e. 18]. | ||
| 260 | |b "Siedmior©đg", |c 1990 |e (Wroc. : |f WDNSK). | ||
| 300 | |a 225, [3] s. : |b il. ; |c 21 cm. | ||
| 700 | 1 | |a Konikiewicz, Maciej |e Il. | |
| 920 | |a 83-85193-01-4 | ||
| 942 | |c K | ||
| 952 | |0 0 |1 0 |4 0 |6 R__62_000000000000000 |7 0 |9 79 |a RYT |b RYT |d 2026-04-26 |e 1/2026 |g 10.00 |l 0 |o R.62 |p 2000000000626 |r 2026-05-15 14:02:27 |w 2026-05-15 |y BK |z da | ||
| 999 | |c 79 |d 79 | ||